| 000 | 00495nam a2200181Ia 4500 | ||
|---|---|---|---|
| 999 |
_c28849 _d28849 |
||
| 003 | OSt | ||
| 005 | 20210210152107.0 | ||
| 008 | 190216s9999||||xx |||||||||||||| ||und|| | ||
| 020 | _a9788187333173 | ||
| 040 | _coclc | ||
| 082 |
_a894.8122 _bVEN/M |
||
| 100 |
_aVenu, K B _98463 |
||
| 245 | 0 |
_aMotorcycle Diaries / _cK B Venu |
|
| 260 |
_bFebian Books, _aAlappuzha: _c2006. |
||
| 300 | _a105p | ||
| 650 | _aNadakam | ||
| 942 |
_cBK _2ddc _h894.8122 _iVEN/M _k894.8122 _mVEN/M |
||